Economics Today (Record no. 2084)

MARC details
005 - DATE AND TIME OF LATEST TRANSACTION
control field 20250627165655.0
020 ## - INTERNATIONAL STANDARD BOOK NUMBER
International Standard Book Number 978-0-321-42827-1
082 ## - DEWEY DECIMAL CLASSIFICATION NUMBER
Classification number LECT 330 MIL
100 ## - MAIN ENTRY--PERSONAL NAME
Author name MILLER, R. L.
245 ## - TITLE STATEMENT
Title Economics Today
250 ## - EDITION STATEMENT
Edition statement 14th Ed.
260 ## - PUBLICATION, DISTRIBUTION, ETC.
Place of publication, distribution, etc. Boston,
Name of publisher, distributor, etc. Pearson Education,
Date of publication, distribution, etc. 2008.
300 ## - PHYSICAL DESCRIPTION
Extent xxxiii, 944p.: ill.; figure, graph, picture, table.
Other physical details Glossary & Index.
Dimensions 26cm.
856 ## - ELECTRONIC LOCATION AND ACCESS
Link text Access Online Book
Electronic name Economics Today
Path www.aw-bc.com/economics
942 ## - ADDED ENTRY ELEMENTS (KOHA)
Source of classification or shelving scheme Dewey Decimal Classification
Koha item type Books
Holdings
Date last seen Total checkouts Full call number Barcode Price effective from Koha item type Lost status Source of classification or shelving scheme Damaged status Not for loan Withdrawn status Home library Current library Shelving location Date acquired Cost, normal purchase price Cost, replacement price
06/27/2025   330 MIL DOM0004179 06/27/2025 Books   Dewey Decimal Classification       CBE Dodoma CBE Dodoma General Collection 05/26/2015 85000.00 255000.00
06/27/2025   330 MIL DOM0002662 06/27/2025 Books   Dewey Decimal Classification       CBE Dodoma CBE Dodoma General Collection 05/26/2015 85000.00 255000.00
05/07/2025   LECT 330 MIL 0000007973 05/07/2025 Books   Dewey Decimal Classification       College of Business Education Main Library College of Business Education Main Library General Collection 11/28/2014 50000.00